| 000 | 01424nam a2200229Ia 4500 | ||
|---|---|---|---|
| 003 | Ost | ||
| 005 | 20260507075646.0 | ||
| 008 | 260507s9999||||xx |||||||||||||| ||und|| | ||
| 020 | _a×085149957 | ||
| 040 | _cfsecg | ||
| 041 | _aara | ||
| 082 | _a339 | ||
| 100 |
_aالخصاونة، صالح _eمؤلف |
||
| 245 | 0 |
_aمبادئ الإقتصاد الكلي / _c صالح الخصاونة |
|
| 250 | _aطبعة 2 | ||
| 260 |
_aعمان: _bدار وائل للنشر والتوزيع, _c2000 |
||
| 300 |
_a255 صفحة؛ _bإيضاحات ؛ _c24 سم |
||
| 520 | _aمقدمة الى دراسة الإقتصاد- نظرية الدخل والتوظيف- التدفقات الدائرية للنشاط الإقتصادي- مدخل الى دراسة الإقتصاد الكلي- حسابات الدخل القومي ومستويات التوازن- الدخل القومي وحساباتها- نظرية الدخل والتوظيف- تحديد مستويات التوازن في الإنتاج والدخل والتوظيف- الدورات التجارية والسياسات المالية- الدورات التجارية والبطالة والدخل والتضخم- السياسات المالية- السياسات النقدية والنقود والبنوك- البنوك- النقود- السياسة النقدية. | ||
| 653 | _aالإقتصاد | ||
| 653 | _aالإقتصاد الكلي | ||
| 942 | _cكتاب | ||
| 999 |
_c45491 _d45491 |
||